Complete the Sequences #4 - Statistics

General Stats
  • This quiz has been taken 179 times
    178 since last reset
  • The average score is 6 of 12
Answer Stats
Hint Answer % Correct
Solfège Musical Tones Fa
84%
Simpsons Family Lisa
84%
Oceans (Alphabetical Order) Ind
70%
Multiply by 7 98
64%
Great Lakes (Alphabetical Order) Mic
56%
Largest U.S. States CA
50%
First 5 Wives of Henry VIII Seymour
49%
Numbers 60-20 Spelled in Reverse (Minus 1st Letter) ytro
46%
Descending/Ascending Consonants and Vowels RI
37%
South Korea hk
33%
Capital Cities (Alphabetical Order) Taipei
28%
A Song of Ice and Fire Title Words Swords
24%
No matching quizzes found
Score Distribution
Percent of People with Each Score
Percentile by Number Answered
Your Score History
You have not taken this quiz since the last reset